1498 1836 1730 1571 1583 1375 1342 1749 1624 1728 1455 1893 1572 1453 1939 1572 1169 1715 1173 1027 1093 1385 1967 1004 1196 1773 1053 1223 1665 1106 1350 1039 1086 1419 1041 1015 1848 1571 1535 1405 1308 1383 1844 1987 1282 1111 1772 1151 1906 1116 1015 1081 1533 1678 1228 1799 1261 1899 1788 1613 1979 1701 1876 1607 1422 1728 1856 1301 1463 1456 1062 1228 1437 1429 1011 1294 1767 1739 1847 1423 1070 1706 1961 1315 1987 1115 1025 1373 1470 1687 1846 1471 1976 1254 1557 1090 1828 1554 1804 BCNSPRNW ULIB Ver.6.0+V

เปลี่ยนเป็นภาษาไทย

Change to English
 แสดงรายละเอียดบรรณานุกรม
  กลับหน้าหลัก

Brief Record : Get Marc (ISO 2709) : E-mail record : QR code < ปิดหน้าต่าง
LEADER : 00000nam 2200000uu 4500
001    13399123303
003     ULIB
008    140818s||||||||th 000 0 tha d
245 00 ความพึงพอใจ
945    ^p0^l0^i016112
999    ^aเกษร โพธิ์สุวรรณ
รายการนี้ยังไม่มีแท็ก
คุณยังไม่ได้ล็อกอิน คุณสามารถมีกิจกรรมร่วมกับเว็บไซต์ได้ แต่ต้องล็อกอินก่อน ::
  ล็อกอิน

รายการสื่อสารสนเทศ

ลำดับที่ ประเภท เลขเรียก/บาร์โค้ด สถานที่ สถานะ
1. งานวิจัย
งานวิจัย
 ฉ.1 
  Barcode: 016112
ห้องสมุดวิทยาเขตสวรรค์ประชารักษ์
►วิจัย
บนชั้น

รายการใกล้เคียง
    ชื่อเรื่อง [ความพึงพอใจ]

BibComment


ยังไม่เคยถูกคอมเมนท์

คอมเมนท์ทรัพยากรรายการนี้
  คอมเมนท์: ความพึงพอใจ


 Copyright 2026. Bcnsprnw @Library